| 000 | 00841nam a2200217 i 4500 | ||
|---|---|---|---|
| 001 | 104313 | ||
| 003 | ES-MaACL | ||
| 005 | 20230906183552.0 | ||
| 007 | t| | ||
| 008 | 051128s1969 ve ||||1| spa d | ||
| 100 | 1 |
_aMillares Carlo, Agustín, _d1893-1980 _981176 |
|
| 245 | 1 | 0 |
_aCatálogo razonado de los libros de los siglos XV, XVI y XVII de la Academia Nacional de la Historia / _cAgustín Millares Carlo; prólogo de Mario Briceño Perozo. |
| 260 |
_aCaracas : _bAcademia Nacional de la Historia, _c1969. |
||
| 300 |
_aXIV, 181 p., lám. I-XXXIII ; _c24 cm. |
||
| 700 | 1 |
_aBriceño Perozo, Mario. _931685 |
|
| 710 | 2 |
_aAcademia Nacional de la Historia (Venezuela) _91213 |
|
| 852 |
_aES-MaACL _jC-35513 _bR.72328 |
||
| 852 |
_aES-MaACL _jE-6261 _bR.90504 |
||
| 852 |
_aES-MaACL _jC-51984 _bR.85666 |
||
| 999 |
_c104313 _d104313 |
||